000 01135nam a22003017i 4500
003 EG-GICUC
005 20260506100600.0
008 260506s1964 ua ||||fr|||| 001 0 ara d
040 _aEG-GiCUC
_cEG-GiCUC
_dEG-GiCUC
_eRda
_bara
041 _aara
082 0 4 _221
_a341.64
_bو ز . م
092 0 4 _221
099 _aLaw111 341.64 و ز . م 1964
110 _aوزارة الخارجية ادارة الهيئات الدولية والمؤتمرات
_eمعد.
245 1 4 _aالمؤتمر الثاني لرؤساء دول او حكومات البلاد غير المنحازة /
_cوزارة الخارجية.
264 _aالقاهرة:
_bوزارة الخارجية,
_c1964.
300 _a page : 335
_c 24 cm.
_billustration ;
336 _2rda contenu
_a texte
337 _2rda medias
_aOrdinateur
338 _2 transporteur rda
_a Ressource en ligne
546 _aالنص باللغة العربية
650 1 _2دولي عام
650 1 _2الدول غير المنحازة
651 1 _2qrmak
856 4 0 _uhttps://fll.law.cu.edu.eg/fulltext/bks/B11-10295.pdf
905 _a72
942 _2ddc
_cBK
_e21
_n0
999 _c75973
_d75973